Josip Baladić: Inkunabule u Narodnoj republici hrvatskoj [s paralelným titulom latinským.] Incunabula quae in Populari Republica Croatia asservantur. Zagreb MCMLII. X - [II] ss. + XLVII tab + [1] mapa

Bibliographic Details
Main Author: Kotvan, Imrich, 1910-1984 (Author)
Format: Article
Language:Slovak
Subjects:

MARC

LEADER 00000nab a2200000 4500
001 vtls008694104
003 SK-MaSNL
005 20260304045414.0
008 140301 1956 xo p 000 0 slo
015 |a SNBRB 
040 |a SNKBUCL  |b slo  |c SNKBUCL  |e AACR2 
041 0 |a slo 
044 |a xo  |c SK 
080 |a 093  |x (497.5)  |x (01)  |2 1997 
080 |a 070.447  |2 1997 
100 1 |a Kotvan, Imrich,  |d 1910-1984  |4 aut  |9 101596 
245 1 0 |a Josip Baladić: Inkunabule u Narodnoj republici hrvatskoj  |b [s paralelným titulom latinským.] Incunabula quae in Populari Republica Croatia asservantur. Zagreb MCMLII. X - [II] ss. + XLVII tab + [1] mapa  |c Imrich Kotvan 
500 |a Rubrika: Knižné novinky 
650 0 7 |a prvotlače  |2 snkbucl  |9 70449 
650 0 7 |a bibliografie  |2 snkbucl  |9 266061 
651 7 |a Chorvátsko  |2 snkbucl  |9 16553 
655 7 |a recenzie  |2 snkbucl  |9 21907 
773 0 |t Knižnica : časopis pre knižnú kultúru  |g Roč. 8, č. 6 (1956), s. 276-277 
787 0 8 |i Rec.:  |a Baladić, Josip  |t Inkunabule u Narodnoj republici hrvatskoj  |d Zagreb, 1952 
850 |a Slovenská národná knižnica v Martine 
852 |a SNK  |b KIS3GCP 
999 |c 2692221  |d 2694151